Science Quiz

Random Science or Chemistry Quiz

Elements by State Abbreviation Quiz Stats

 Plays Quiz Updated Nov 16, 2018

Support Sporcle.
Go Orange.
Score 0/17 Timer 04:00
0 Plays Today
State Element % Correct
AlabamaAluminum
88.9%
CaliforniaCalcium
79.1%
ColoradoCobalt
75.6%
ArkansasArgon
63.8%
MinnesotaManganese
50.6%
IndianaIndium
45.4%
NebraskaNeon
44.8%
GeorgiaGallium
41.1%
South CarolinaScandium
38.3%
State Element % Correct
MissouriMolybdenum
34.2%
New HampshireNihonium
25.5%
LouisianaLanthanum
25.2%
FloridaFlerovium
22.8%
North DakotaNeodymium
17%
MarylandMendelevium
16.1%
MontanaMeitnerium
13.1%
PennsylvaniaProtactinium
10.1%

From the Vault

Emperors of Rome by Any 3 Letters

by SporcleEXP

History 6m
We started with two-letter strings, but "us" got you way too much credit.
Remove Ads.
Support Sporcle.
Get the best of Sporcle when you Go Orange. This ad-free experience offers more features, more stats, and more fun while also helping to support Sporcle. Thank you for becoming a member.

Show Comments

Extras

Top Quizzes Today


Score Distribution

Your Account Isn't Verified!

In order to create a playlist on Sporcle, you need to verify the email address you used during registration. Go to your Sporcle Settings to finish the process.

Report this User

Report this user for behavior that violates our Community Guidelines.

Details: